<?xml version="1.0" encoding="UTF-8"?>
<collection xmlns="http://www.loc.gov/MARC21/slim">
<record>
  <controlfield tag="001">95851</controlfield>
  <controlfield tag="005">20240122154814.0</controlfield>
  <datafield tag="024" ind1="7" ind2=" ">
    <subfield code="2">doi</subfield>
    <subfield code="a">10.1155/2014/982639</subfield>
  </datafield>
  <datafield tag="024" ind1="8" ind2=" ">
    <subfield code="2">sideral</subfield>
    <subfield code="a">87530</subfield>
  </datafield>
  <datafield tag="037" ind1=" " ind2=" ">
    <subfield code="a">ART-2014-87530</subfield>
  </datafield>
  <datafield tag="041" ind1=" " ind2=" ">
    <subfield code="a">eng</subfield>
  </datafield>
  <datafield tag="100" ind1=" " ind2=" ">
    <subfield code="a">Latorre, Eva</subfield>
    <subfield code="u">Universidad de Zaragoza</subfield>
    <subfield code="0">(orcid)0000-0002-5797-3909</subfield>
  </datafield>
  <datafield tag="245" ind1=" " ind2=" ">
    <subfield code="a">IL-10 counteracts proinflammatory mediator evoked oxidative stress in Caco-2 cells.</subfield>
  </datafield>
  <datafield tag="260" ind1=" " ind2=" ">
    <subfield code="c">2014</subfield>
  </datafield>
  <datafield tag="506" ind1="0" ind2=" ">
    <subfield code="a">Access copy available to the general public</subfield>
    <subfield code="f">Unrestricted</subfield>
  </datafield>
  <datafield tag="520" ind1="3" ind2=" ">
    <subfield code="a">Oxidative stress is thought to play a key role in the development of intestinal damage in intestinal inflammatory diseases. Several molecules are involved in the intestinal inflammation, either as pro- or anti-inflammatory factors;however, their effects on intestinal oxidative stress seem to be controversial. This work analyzes the contribution of pro- and anti-inflammatory molecules to the balance of oxidative damage in intestinal epithelial cells, as well as their effects on cellular antioxidant enzyme activity. With this purpose, the lipid and protein oxidation, together with the activity of catalase, superoxide dismutase, and glutathione peroxidase, were determined in the Caco-2 cells treated with serotonin, adenosine, melatonin, and TNF??, as proinflammatory factors, and IL-10, as an anti-inflammatory cytokine.The results have shown that all the proinflammatory factors assayed increased oxidative damage. In addition, these factors also inhibited the activity of antioxidant enzymes in the cells, except melatonin. In contrast, IL-10 did not alter these parameters but was able to reduce the prooxidant effects yielded by serotonin, adenosine, melatonin, or TNF??, in part by restoring the antioxidant enzymes activities. In summary, proinflammatory factors may induce oxidative damage in intestinal epithelial cells, whereas IL-10 seems to be able to restore the altered redox equilibrium in Caco-2 cells.</subfield>
  </datafield>
  <datafield tag="536" ind1=" " ind2=" ">
    <subfield code="9">info:eu-repo/grantAgreement/ES/DGA/ARAINF-012-2008</subfield>
    <subfield code="9">info:eu-repo/grantAgreement/ES/DGA/B022-13</subfield>
    <subfield code="9">info:eu-repo/grantAgreement/ES/DGA/B105-11</subfield>
    <subfield code="9">info:eu-repo/grantAgreement/ES/DGA-FSE/B61</subfield>
    <subfield code="9">info:eu-repo/grantAgreement/ES/MICINN-FEDER/BFU2010-18971</subfield>
  </datafield>
  <datafield tag="540" ind1=" " ind2=" ">
    <subfield code="9">info:eu-repo/semantics/openAccess</subfield>
    <subfield code="a">by</subfield>
    <subfield code="u">http://creativecommons.org/licenses/by/3.0/es/</subfield>
  </datafield>
  <datafield tag="590" ind1=" " ind2=" ">
    <subfield code="a">3.236</subfield>
    <subfield code="b">2014</subfield>
  </datafield>
  <datafield tag="591" ind1=" " ind2=" ">
    <subfield code="a">IMMUNOLOGY</subfield>
    <subfield code="b">58 / 147 = 0.395</subfield>
    <subfield code="c">2014</subfield>
    <subfield code="d">Q2</subfield>
    <subfield code="e">T2</subfield>
  </datafield>
  <datafield tag="591" ind1=" " ind2=" ">
    <subfield code="a">CELL BIOLOGY</subfield>
    <subfield code="b">97 / 184 = 0.527</subfield>
    <subfield code="c">2014</subfield>
    <subfield code="d">Q3</subfield>
    <subfield code="e">T2</subfield>
  </datafield>
  <datafield tag="655" ind1=" " ind2="4">
    <subfield code="a">info:eu-repo/semantics/article</subfield>
    <subfield code="v">info:eu-repo/semantics/publishedVersion</subfield>
  </datafield>
  <datafield tag="700" ind1=" " ind2=" ">
    <subfield code="a">Matheus, Nyurky</subfield>
    <subfield code="0">(orcid)0000-0002-1605-0542</subfield>
  </datafield>
  <datafield tag="700" ind1=" " ind2=" ">
    <subfield code="a">Layunta, Elena</subfield>
    <subfield code="0">(orcid)0000-0001-5573-6144</subfield>
  </datafield>
  <datafield tag="700" ind1=" " ind2=" ">
    <subfield code="a">Alcalde, Ana Isabel</subfield>
    <subfield code="u">Universidad de Zaragoza</subfield>
    <subfield code="0">(orcid)0000-0002-9935-927X</subfield>
  </datafield>
  <datafield tag="700" ind1=" " ind2=" ">
    <subfield code="a">Mesonero, José Emilio</subfield>
    <subfield code="u">Universidad de Zaragoza</subfield>
    <subfield code="0">(orcid)0000-0003-4758-3998</subfield>
  </datafield>
  <datafield tag="710" ind1="2" ind2=" ">
    <subfield code="1">1005</subfield>
    <subfield code="2">410</subfield>
    <subfield code="a">Universidad de Zaragoza</subfield>
    <subfield code="b">Dpto. Farmacología y Fisiolog.</subfield>
    <subfield code="c">Área Fisiología</subfield>
  </datafield>
  <datafield tag="773" ind1=" " ind2=" ">
    <subfield code="g">2014, 14 (2014), 982639 [6 pp]</subfield>
    <subfield code="p">Mediat. inflamm.</subfield>
    <subfield code="t">MEDIATORS OF INFLAMMATION</subfield>
    <subfield code="x">0962-9351</subfield>
  </datafield>
  <datafield tag="856" ind1="4" ind2=" ">
    <subfield code="s">262730</subfield>
    <subfield code="u">http://zaguan.unizar.es/record/95851/files/texto_completo.pdf</subfield>
    <subfield code="y">Versión publicada</subfield>
  </datafield>
  <datafield tag="856" ind1="4" ind2=" ">
    <subfield code="s">32796</subfield>
    <subfield code="u">http://zaguan.unizar.es/record/95851/files/texto_completo.jpg?subformat=icon</subfield>
    <subfield code="x">icon</subfield>
    <subfield code="y">Versión publicada</subfield>
  </datafield>
  <datafield tag="909" ind1="C" ind2="O">
    <subfield code="o">oai:zaguan.unizar.es:95851</subfield>
    <subfield code="p">articulos</subfield>
    <subfield code="p">driver</subfield>
  </datafield>
  <datafield tag="951" ind1=" " ind2=" ">
    <subfield code="a">2024-01-22-15:35:00</subfield>
  </datafield>
  <datafield tag="980" ind1=" " ind2=" ">
    <subfield code="a">ARTICLE</subfield>
  </datafield>
</record>
</collection>